00837nam a22002537a 45000010005000000030006000050050017000110080041000280200015000690400029000840500016001130820013001291000017001422450095001592600039002543000050002934900029003435050008003725200087003805210021004675210020004886500042005087000033005509293FISKH20260309152441.0251209b cb ||||| |||| 00| 0 eng d a059041206X aFISKHbengcFISKHdFISKH aE302.H5 F74 a973.3092 aFritz , Jean aWhere was Patrick Henry on the 29 of May ? /cby Jean Fritz : illustrated by Margot Tomes  aNew York : bScholastic , c1975.  a47 pages : bcolor illustrations ; c19 cm .  aBringing History to Life aZ  aA brief biography of Patrick Henry tracing his progress from planter to statesman.8 a1000 bLexile 8 aZ bRaz-Plus  aRevolutionary WarvHistorical fiction aTomes, Margot eIllustrator